000 00852nam a22002897a 4500
001 BR9500244
003 BR-BrBNA
005 20230928094411.0
007 ta
008 230509b bl.||||| |||| 00| 0 por d
040 _aBR-BrBNA
_bpor
_cBiblioteca Nacional de Agricultura
041 _a(Por)
072 _aP31; P36
090 _ P31 BR9500244
100 1 _aMarques, J.Q. de A.
110 1 _aEscritorio Tecnico de Agricultura Brasil-Estados Unidos, Rio de Janeiro, GB (Brasil)
245 1 _aManual brasileiro para levantamentos conservacionistas. 2. Aproximacao
260 3 _aRio de Janeiro, GB (Brasil):
_c1958.
300 _a135 p.
500 _a41 ref.
650 _aReconhecimento do Solo
650 _aMapa
650 _aClassificacao do Solo
650 _aErosao do Solo
909 _a202309
_bLucia
_c55
_dLucia Elande
942 _cBK
999 _c50515
_d50515